00287 a2200121 450000100060000008200150000610000180002124500560003925000060009526000310010150000160013260000170014873934 a629.83 PHI aPhillips, C L aFeedback Control System, 3rd EdcCharles L Phillips a3 aU S AbPrentice Hallc1993 aBE textbook aHarbor Royce